[Event "Tata Steel Challengers"]
[Site "Wijk aan Zee NED"]
[Date "2025.01.24"]
[Round "6.7"]
[White "Yakubboev, Nodirbek"]
[Black "Svane, Frederik"]
[Result "1/2-1/2"]
[WhiteTitle "GM"]
[BlackTitle "GM"]
[WhiteElo "2659"]
[BlackElo "2664"]
[WhiteFideId "14203987"]
[BlackFideId "12923044"]
[EventDate "2025.01.18"]

1. d4 Nf6 2. Nf3 e6 3. Bf4 c5 4. e3 Nc6 5. Nbd2 h6 6. Nc4 d5 7. Nce5 Bd6 8. c3
Qc7 9. Bb5 Nd7 10. Qa4 Ncxe5 11. Nxe5 a6 12. Nxd7 Bxd7 13. Bxd6 Qxd6 14. Bxd7+
Qxd7 15. Qxd7+ Kxd7 16. dxc5 Kc6 17. b4 a5 18. a4 Ra7 19. Kd2 Rha8 20. Rhb1 axb4
21. Rxb4 Kxc5 22. Kc2 b6 23. Kb3 Kc6 24. c4 Rd7 25. Rd1 Rad8 26. cxd5+ Rxd5 27.
Rc4+ Kb7 28. Rcd4 Rxd4 29. Rxd4 Rxd4 30. exd4 h5 31. h4 1/2-1/2